LEADER 03618 am 2200745 n 450 001 9910324038703321 005 20181221 010 $a2-8028-0407-3 024 7 $a10.4000/books.pusl.5696 035 $a(CKB)4100000008283876 035 $a(FrMaCLE)OB-pusl-5696 035 $a(oapen)https://directory.doabooks.org/handle/20.500.12854/53998 035 $a(PPN)236711180 035 $a(EXLCZ)994100000008283876 100 $a20190528j|||||||| ||| 0 101 0 $afre 135 $auu||||||m|||| 181 $ctxt$2rdacontent 182 $cc$2rdamedia 183 $acr$2rdacarrier 200 13$aLe mouvement et la forme $eEssais sur le changement social en hommage à Maurice Chaumont /$fMichel Molitor, Jean Remy, Luc Van Campenhoudt 210 $aBruxelles $cPresses de l?Université Saint-Louis$d2018 215 $a1 online resource (306 p.) 311 $a2-8028-0066-3 330 $aCet ouvrage constitue une introduction a une sociologie compréhensive du changement social, qui place l'acteur social au c?ur de son questionnement. À partir d'une élucidation prospective de l'?uvre de Maurice Chaumont l'ouvrage propose un ensemble de textes qui portent sur les principales facettes du travail sociologique, tel que le concevait Maurice Chaumont : la réflexion épistémologique, l'essai, la problématisation et la construction de modèles d'analyse ainsi que l'analyse concrète. À travers l'unité du projet et la complémentarité des différents apports, une manière neuve d'aborder le changement social est proposée ici, dont l'intérêt est à la fois théorique, pratique et pédagogique. Des chercheurs de l'École des hautes études en sciences sociales à Paris (Alain Touraine), de l'Université de Sao Paulo (José-A Guilhon Albuquerque), de l'Université de Montréal (Annick Germain), des Universités du Zaïre (Benoit Verhaegen) et du Centre d'étude et de documentation africaines (Gauthier de Villers et Benoit Verhaegen), de l'Université catholique de Louvain (Guy Bajoit. Jean Ladrière, Michel Molitor et Jean Remy) et du Centre d'études sociologiques des facultés universitaires Saint-Louis (Anne Devillé, Michel Hubert, Jean Remy et Luc Van Campenhoudt participent à cet ouvrage d'hommage. 517 $amouvement et la forme 517 $aLe mouvement et la forme 606 $aReligion 606 $acrise religieuse 606 $aeschatologie 606 $asociété 606 $areligion 606 $achrétien 610 $asociété 610 $acrise religieuse 610 $achrétien 610 $aeschatologie 610 $areligion 615 4$aReligion 615 4$acrise religieuse 615 4$aeschatologie 615 4$asociété 615 4$areligion 615 4$achrétien 700 $aBajoit$b Guy$0248348 701 $aChaumont$b Maurice$01299156 701 $aDeville$b Anne$01226521 701 $aDe Villers$b Gauthier$01290401 701 $aGermain$b Annick$01299157 701 $aGuilhon Albuquerque$b José A$01299158 701 $aHubert$b Michel$0360047 701 $aLadrière$b Jean$0346653 701 $aMolitor$b Michel$01299159 701 $aRemy$b Jean$0342946 701 $aTouraine$b Alain$050969 701 $aVan Campenhoudt$b Luc$01282762 701 $aVerhaegen$b Benoît$0244840 701 $aMolitor$b Michel$01299159 701 $aRemy$b Jean$0342946 701 $aVan Campenhoudt$b Luc$0680735 801 0$bFR-FrMaCLE 906 $aBOOK 912 $a9910324038703321 996 $aLe mouvement et la forme$93025042 997 $aUNINA LEADER 02171nam 22004573a 450 001 9910346829503321 005 20250203232819.0 035 $a(CKB)4920000000095321 035 $a(oapen)https://directory.doabooks.org/handle/20.500.12854/56400 035 $a(ScCtBLL)951d3bb1-9e9b-4747-b343-1171ed7e0ef1 035 $a(OCoLC)1126130551 035 $a(oapen)doab56400 035 $a(EXLCZ)994920000000095321 100 $a20250203i20052019 uu 101 0 $ager 135 $aurmn|---annan 181 $ctxt$2rdacontent 182 $cc$2rdamedia 183 $acr$2rdacarrier 200 00$aPlaton, Aristoteles und die neoklassische politische Philosophie der Gegenwart$fHenning Ottmann 205 $a1 ed. 210 $cNomos Verlagsgesellschaft mbH & Co. KG$d2005 210 1$aBaden-Baden :$cNomos Verlagsgesellschaft mbH & Co. KG,$d2005. 215 $a1 online resource (1 p.) 225 1 $aWürzburger Vorträge zur Rechtsphilosophie, Rechtstheorie und Rechtssoziologie 311 08$a9783832913588 311 08$a3832913580 311 08$a9783748902454 311 08$a374890245X 330 $a Die Untersuchung leistet eine Kritik der Irrtümer, die über sog. »normative« Politikwissenschaft in Umlauf sind. Die mit den Namen Arendt, Sternberger, Strauss, Voegelin sowie der Münchner-, der Freiburger- und der Ritter-Schule verbundene politische Philosophie wird oft irrtümlich als eine »normativ« ausgerichtete, antikizistische, antimoderne Lehre verstanden. Im Rückgriff auf die klassische Grundlage dieser Schulen in den politischen Philosophien des Platon und des Aristoteles wird demgegenüber gezeigt, daß die politischen Philosophien des 20. Jahrhunderts unterschiedliche Ziele verfolgen und auf unterschiedliche Weise auf die Moderne bezogen sind. 606 $aLaw / Reference$2bisacsh 606 $aLaw 615 7$aLaw / Reference 615 0$aLaw. 700 $aOttmann$b Henning$0152883 801 0$bScCtBLL 801 1$bScCtBLL 906 $aBOOK 912 $a9910346829503321 996 $aPlaton, Aristoteles und die neoklassische politische Philosophie der Gegenwart$93040458 997 $aUNINA LEADER 05899nam 2200781I 450 001 9910966977603321 005 20170815111805.0 010 $a9781523113477 010 $a1523113472 010 $a9781784418694 010 $a1784418692 035 $a(CKB)3710000000454767 035 $a(EBL)2122284 035 $a(OCoLC)916953311 035 $a(SSID)ssj0001547132 035 $a(PQKBManifestationID)16142009 035 $a(PQKBTitleCode)TC0001547132 035 $a(PQKBWorkID)14796675 035 $a(PQKB)10027841 035 $a(MiAaPQ)EBC2122284 035 $a(Au-PeEL)EBL2122284 035 $a(CaPaEBR)ebr11083237 035 $a(CaONFJC)MIL819720 035 $a(OCoLC)915158489 035 $a(UtOrBLW)9781784418694 035 $a(Perlego)387013 035 $a(EXLCZ)993710000000454767 100 $a20170821d2017 uy 0 101 0 $aeng 135 $aurun||||||||| 181 $ctxt 182 $cc 183 $acr 200 00$aAirport design and operation /$fedited by Antoni?n Kazda, Robert E. Caves 205 $aThird edition. 210 1$aBingley, [England] :$cEmerald Group Publishing Limited,$d2015. 210 4$d©2015 215 $a1 online resource (596 p.) 225 1 $aAdvances in Mergers and Acquisitions ;$vVolume 14 300 $aIncludes index. 311 1 $a9781784418700 311 1 $a1784418706 320 $aIncludes bibliographical references. 327 $a""Front Cover""; ""Airport Design and Operation""; ""Copyright page""; ""Dedication""; ""Contents""; ""Abbreviations""; ""Preface""; ""Acknowledgements""; ""1 Air Transport And Airports""; ""1.1 Development of Airports""; ""1.2 Standards""; ""1.2.1 ICAO Legislation""; ""1.2.2 National Standards and Recommended Practices""; ""1.3 Airport Development Planning""; ""2 Predicting Traffic""; ""2.1 Introduction""; ""2.2 Types of Forecast Needed""; ""2.3 Methods of Analysis""; ""2.3.1 Informed Judgement""; ""2.3.2 Trend Extrapolation""; ""2.3.3 Econometric Models""; ""2.3.4 The Travel Decisions"" 327 $a""2.3.5 Modal Shares""""2.3.6 Discrete Choice Models""; ""2.3.7 Revealed and Stated Preferences""; ""2.3.8 Effects of Supply Decisions""; ""2.3.9 Uncertainty""; ""2.3.10 Scenario Writing""; ""2.4 Historic Trends in Traffic""; ""2.5 Factors Affecting the Trends""; ""2.5.1 Economic Factors""; ""2.5.2 Demographic Factors""; ""2.5.3 Supply Factors""; ""2.5.3.1 Cost per passenger kilometre (pkm)""; ""2.5.3.2 Aircraft size""; ""2.5.3.3 Cost of input factors""; ""2.5.3.4 Technology""; ""2.5.3.5 Management""; ""2.5.3.6 Capacity constraints""; ""2.5.3.7 Fares""; ""2.5.4 Economic Regulation"" 327 $a""2.5.5 Environmental Regulation""""2.5.6 Cargo""; ""2.6 Conclusions""; ""3 Airport Site Selection and Runway System Orientation""; ""3.1 Selection of a Site for the Airport""; ""3.2 Usability Factor""; ""3.3 Effect of Low-Visibility Operations""; ""3.4 Control of Obstacles""; ""3.5 Other Factors""; ""4 Runways""; ""4.1 Aerodrome Reference Code""; ""4.2 Runway Length""; ""4.3 Declared Distances""; ""4.4 Runway Width""; ""4.4.1 Runway Width Requirements""; ""4.4.2 Runway Shoulders""; ""4.4.3 Runway Turn Pads""; ""4.5 Runway Slopes""; ""4.5.1 Transverse Slopes""; ""4.5.2 Longitudinal Slopes"" 327 $a""5 Runway Strips and Other Areas""""5.1 Runway Strips""; ""5.2 Clearways""; ""5.3 Runway End Safety Areas""; ""6 Taxiways""; ""6.1 Functional Criteria and Taxiway System Design""; ""6.2 Rapid Exit Taxiways""; ""6.3 Taxiway Separations""; ""6.4 Taxiway Geometry""; ""7 Aprons""; ""7.1 Apron Requirements""; ""7.2 Apron Sizing""; ""7.3 Apron Location""; ""7.4 Apron Concepts""; ""7.4.1 Simple Concept""; ""7.4.2 Linear Concept""; ""7.4.3 Open Concept""; ""7.4.4 Pier Concept""; ""7.4.5 Satellite Concept""; ""7.4.6 Hybrid Concept""; ""7.5 Stand Types""; ""7.6 Apron Capacity"" 327 $a""7.7 Isolated Aircraft Parking Position""""8 Pavements""; ""8.1 Background""; ""8.2 Pavement Types""; ""8.2.1 Unpaved Movement Areas""; ""8.2.2 Pavements""; ""8.2.2.1 Use of hard surface pavements""; ""8.2.2.1.1 Subgrade""; ""8.2.2.1.2 Sub-base""; ""8.2.2.1.3 Bearing course/base course""; ""8.2.2.2 Flexible (asphalt) pavements""; ""8.2.2.3 Rigid (concrete) pavements""; ""8.2.2.4 Combined pavements""; ""8.2.2.5 Block paving""; ""8.3 Pavement Strength""; ""8.3.1 Pavements-Aircraft Loads""; ""8.3.2 Pavement Strength Reporting""; ""8.3.3 Overload Operations""; ""8.4 Runway Surface"" 327 $a""8.4.1 Runway Surface Quality Requirements"" 330 $aAirport design and operation are always closely related. A poor design affects the airport operations, resulting in increased costs, and a sound understanding of operation is needed to enable good design. The aim of this third edition is to present an updated and integrated approach to the two. The chapters have been enhanced to reflect changes in technology and the way the air transport industry functions. Key topics that are newly addressed in this book include low cost airline operations, security issues and EASA regulations on airports. A new chapter covering extended details about wildlif 410 0$aAdvances in mergers and acquisitions ;$v14. 606 $aAirports$xDesign and construction$vEncyclopedias 606 $aAirports$xManagement$vEncyclopedias 606 $aTechnology & Engineering$xEngineering (General)$2bisacsh 606 $aTransport technology & trades$2bicssc 615 0$aAirports$xDesign and construction 615 0$aAirports$xManagement 615 7$aTechnology & Engineering$xEngineering (General). 615 7$aTransport technology & trades. 676 $a629.136 702 $aKazda$b Antoni?n$f1952- 702 $aCaves$b Robert E. 801 0$bUtOrBLW 801 1$bUtOrBLW 906 $aBOOK 912 $a9910966977603321 996 $aAirport design and operation$91762591 997 $aUNINA LEADER 05365nam 2200685 a 450 001 9910970715503321 005 20240514050358.0 010 $a1-283-31287-5 010 $a9786613312877 010 $a90-272-7673-0 035 $a(CKB)2550000000062887 035 $a(EBL)793538 035 $a(OCoLC)759101343 035 $a(SSID)ssj0000536286 035 $a(PQKBManifestationID)11344660 035 $a(PQKBTitleCode)TC0000536286 035 $a(PQKBWorkID)10547448 035 $a(PQKB)11562048 035 $a(Au-PeEL)EBL793538 035 $a(CaPaEBR)ebr10508974 035 $a(DE-B1597)719682 035 $a(DE-B1597)9789027276735 035 $a(MiAaPQ)EBC793538 035 $a(EXLCZ)992550000000062887 100 $a19931206d1994 uy 0 101 0 $aeng 135 $aur|n|---||||| 181 $ctxt$2rdacontent 182 $cc$2rdamedia 183 $acr$2rdacarrier 200 10$aEnglish historical linguistics 1992 $epapers from the 7th International Conference on English Historical Linguistics, Valencia, 22-26 September 1992 /$fedited by Francisco Ferna?ndez, Miguel Fuster, Juan Jose? Calvo 205 $a1st ed. 210 1$aAmsterdam ;$aPhiladelphia :$cJ. Benjamins Pub. Co.,$d1994. 215 $a1 online resource (396 pages) 225 1 $aAmsterdam studies in the theory and history of linguistic science. Series IV, Current issues in linguistic theory,$x0304-0763 ;$vv. 113 311 08$a90-272-3616-X 320 $aIncludes bibliographical references and indexes. 327 $aENGLISH HISTORICAL LINGUISTICS 1992; Editorial page; Title page; Copyright page; FOREWORD; Table of contents; 1. GENERAL ISSUES; LINGUISTICS, PHILOLOGY, CHICKENS ANDEGGS; CAN CATASTROPHE THEORY PROVIDE ADEQUATE EXPLANATIONS FOR LINGUISTIC CHANGE? An application to syntactic change in English; POSTDISCIPLINARY PHILOLOGY: CULTURALLY RELATIVISTIC PRAGMATICS; PREMISSES AND PERIODS IN A HISTORY OFENGLISH; LINGUISTIC REALITY OF MIDDLE ENGLISH; 2. PHONOLOGY AND WRITING; OLD ENGLISH STRESS: AMORPHOUS?; THE GREAT VOWEL SHIFT REVISITED 327 $aTOWARDS A STANDARD WRITTEN ENGLISH?Continuity and change in the orthographic usage of John Capgrave, O.S.A. (1393-1464)ON THE WRITING OF THE HISTORY OF STANDARD ENGLISH; 3. MORPHOLOGY AND SYNTAX; GRAMMATICAL CHOICES IN OLD AND EARLY MIDDLE ENGLISH: A choice between a simple verb, the prefix/particle-verbor verb-particle combination, and the ""auxiliary + infinitive"" construction in Old and early Middle English; SUBJECT EXTRACTION IN ENGLISH: THE USE OF THE THAT-COMPLEMENTIZER; THE MODALS AGAIN IN THE LIGHT OFHISTORICAL AND CROSS-LINGUISTICEVIDENCE 327 $aOE AND ME MULTIPLE NEGATION: SOME SYNTACTIC AND STYLISTIC REMARKSØ-RELATIVESWITH ANTECEDENT pÆT AND FREE RELATIVES IN OE AND ME; BE vs. HAVE WITH INTRANSITIVES IN EARLY MODERN ENGLISH; INFINITIVE MARKING IN EARLY MODERN ENGLISH; 4. LEXICOLOGY AND SEMANTICS; DOG- MAN'S BEST FRIEND: A STUDY IN HISTORICAL LEXICOLOGY; EMOTIONS IN THE ENGLISH LEXICON: A HISTORICAL STUDY OF A LEXICAL FIELD; THE SCANDINAVIAN ELEMENTS IN THE VOCABULARY OF THE PETERBOROUGH CHRONICLE; PRODUCTIVE OR NOT PRODUCTIVE? The Romance Element inMiddle English Derivation 327 $aREMARKS ON THE ORIGIN AND EVOLUTION OF ABBREVIATIONS AND ACRONYMS""...ASE ROSER WHEN HIT REDES"": Semantic shifts and cultural overtones in the Middle English colour lexicon; 5. VARIETIES OF ENGLISH AND STUDIES ON INDIVIDUAL TEXTS; PROTOTYPE CATEGORIES AND VARIATION STUDIES; WHAT DOES THE JUNGLE OF MIDDLE ENGLISH MANUSCRIPTS TELL US? On ME Words for 'Every' and 'Each' with Special Reference to their Many Variants; LADIES AND GENTLEMEN: The generalization of titles in Early Modern English; ON THE EVOLUTION OF SCIENTIFICWRITINGS FROM 1375 TO 1675: Repertoire of emotive features 327 $aMULTIPLE AUTHORSHIP OF THE OE OROSIUS""AFTER A COPYE UNTO ME DELYVERD"": Multiple negation in Malory's Morte Darthur; 6. INDEXES; INDEX NOMINUM; INDEX RERUM 330 $aThis volume brings together a selection of 28 out of the 76 papers read at ICHEL-7 in Valencia.The book opens with a general section, which Richard Hogg examines the relationship between linguistics and philology, Enrique Berna?rdez analyzes syntactic change from the point of view of catastrophe theory, Roger Sell suggests a pragmatic analysis of historical data, and Norman Blake and Jacek Fisiak re-open the debate on periodization in the history of English. The rest of the papers is grouped in four sections: Phonology and Writing, Morphology and Syntax, Lexicology and Semantics, and Varieties 410 0$aAmsterdam studies in the theory and history of linguistic science.$nSeries IV,$pCurrent issues in linguistic theory ;$v113. 606 $aEnglish language$xHistory$vCongresses 606 $aEnglish language$xGrammar, Historical$vCongresses 615 0$aEnglish language$xHistory 615 0$aEnglish language$xGrammar, Historical 676 $a420/.9 701 $aFerna?ndez$b Francisco$0388567 701 $aFuster$b Miguel$0173920 701 $aCalvo$b Juan Jose?$0411816 712 12$aInternational Conference on English Historical Linguistics. 801 0$bMiAaPQ 801 1$bMiAaPQ 801 2$bMiAaPQ 906 $aBOOK 912 $a9910970715503321 996 $aEnglish historical linguistics 1992$94375121 997 $aUNINA